Government and Society in Afghanistan (Record no. 9486)

MARC details
000 -LEADER
fixed length control field 00714nam a2200253 a 4500
020 ## - INTERNATIONAL STANDARD BOOK NUMBER
ISBN 0292186
082 00 - DEWEY DECIMAL CLASSIFICATION NUMBER
Classification number 309.158104
Author Cutter KAK
100 ## - MAIN ENTRY--AUTHOR NAME
Author name Kakar, Hasan Kawun
245 ## - TITLE STATEMENT
Title Government and Society in Afghanistan
Sub title the Reign of Amir Abdal-Rahman Khan
260 ## - PUBLICATION, DISTRIBUTION, ETC. (IMPRINT)
Place of publication USA.
Name of publisher University of Texas Press
Year of publication 1979
300 ## - PHYSICAL DESCRIPTION
Number of Pages 328p
500 ## - GENERAL NOTE
General note includes index and biblioraphy
505 2# - FORMATTED CONTENTS NOTE
Formatted contents note Index
650 ## - SUBJECT ADDED ENTRY--TOPICAL TERM
Topical Term Afghanistan-Politics & Government
650 ## - SUBJECT ADDED ENTRY--TOPICAL TERM
Topical Term Afghanistan-Social Condition
942 ## - ADDED ENTRY ELEMENTS (KOHA)
Koha item type Books
700 1# -
-- Kakar, Hasan Kawun
Holdings
Collection code Home library Current library Date acquired Cost, normal purchase price Full call number Accession Number Koha item type
  Henry Martyn Institute Library Henry Martyn Institute Library 04/05/2007 735.00 309.158104 KAK 015174 Books
                   Copyright © 2026 | Henry Martyn Institute | Hyderabad | TS-500052 | INDIA | Implemented by hmi.edu.in
Hit-Count:

Powered by Koha